| 000 | 02795cam a2200361 4500500 | ||
|---|---|---|---|
| 005 | 20260405002624.0 | ||
| 041 | _afre | ||
| 042 | _adc | ||
| 100 | 1 | 0 |
_aCarton, Tabatha _eauthor |
| 700 | 1 | 0 |
_aMartin, Yris _eauthor |
| 700 | 1 | 0 |
_aBossut, Elise _eauthor |
| 700 | 1 | 0 |
_aLejeune, Éline _eauthor |
| 700 | 1 | 0 |
_aGianoultsis, Elena _eauthor |
| 700 | 1 | 0 |
_aJoertz, Floriane _eauthor |
| 700 | 1 | 0 |
_aGlineur, Charles _eauthor |
| 245 | 0 | 0 | _aLes paradoxes de l’éducation autodirigée dans les écoles démocratiques |
| 260 | _c2026. | ||
| 500 | _a35 | ||
| 520 | _aL'article examine les tensions entre l’éducation autodirigée des écoles démocratiques en Fédération Wallonie-Bruxelles (FW-B) et le cadre législatif encadrant l’enseignement à domicile auxquelles les familles sont soumises. Ces établissements pratiquent l'éducation autodirigée, mais les contrôles de la FW-B suscitent des inquiétudes chez les parents quant à l'acquisition des compétences de l’enfant, car ils peuvent mener à sa réintégration dans le système traditionnel. Basée sur des entretiens semi-directifs avec des porteurs de projet de quatre écoles démocratiques, l'étude analyse les stratégies mises en œuvre par les écoles et les familles pour concilier valeurs éducatives et exigences législatives et révèle l'instabilité de ces établissements face aux attentes des parents. | ||
| 520 | _aThis article explores the tension between self-directed education in democratic schools in the Wallonia-Brussels Federation (FW-B) and the legislative framework governing homeschooling, which families are required to follow. Although these schools promote self-directed learning, FW-B monitoring raises concerns among parents regarding their children’s skill acquisition, sometimes prompting reintegration into the traditional school system. Drawing on semi-structured interviews with project leaders from four democratic schools, the study examines the strategies developed jointly by schools and families to reconcile educational values with legislative requirements, while also highlighting the instability of these schools when confronted with parental expectations. | ||
| 690 | _acontraintes législatives | ||
| 690 | _aécole démocratique | ||
| 690 | _aéducation autodirigée | ||
| 690 | _aparadoxe | ||
| 690 | _aresponsabilité éducative | ||
| 690 | _ademocratic school | ||
| 690 | _aeducational responsibility | ||
| 690 | _alegislative constraint | ||
| 690 | _aparadox | ||
| 690 | _aself-directed education | ||
| 786 | 0 | _nRevue internationale de l'éducation familiale | 56 | 2 | 2026-03-30 | p. 217-239 | 1279-7766 | |
| 856 | 4 | 1 | _uhttps://shs.cairn.info/revue-revue-internationale-de-leducation-familiale-2025-2-page-217?lang=fr&redirect-ssocas=7080 |
| 999 |
_c2059404 _d2059404 |
||